000 00924nam a2200253 a 4500
999 _c11662
_d11662
001 11662
003 BD-JhCC
005 20200715121131.0
008 200715b2009 bg a|||| ||a| 001 0 mul d
020 _a9843000002860
035 _a(BD-JhCC)11662
040 _aBD-JhCC
_dBD-JhCC
041 _amul
082 _a570.9
_bBAN 2009
245 _aবাংলাদেশ উদ্ভিদ ও প্রাণী জ্ঞানকোষ:
_bঅ্যানজিওস্পার্মস মনোকটিলিডনস /
_cঅনু: সুধীর কুমার দত্ত ।
260 _aঢাকা:
_bবাংলাদেশ এশিয়াটিক সোসাইটি;
_c২০০৯.
300 _a421 p. :
_bill;
_c26 cm.
650 _aBiology
650 _aZoology
650 _aDisctionay
700 _aদত্ত , সুধীর কুমার
942 _2ddc
_cBK